Nachrichten-Moderation von ARD und ZDF ab 1985 - Statistiken

Allgemein
  • Dieses Quiz wurde 112 mal gespielt
  • Das Durchschnittsergebnis liegt bei 13 aus 65
Antwortstatistiken
Einsatzzeit Sendung Name % Korrekt
1985-2020 ARD Tagesschau Jan Hofer
77%
2003-2021 ZDF Heute Journal Claus Kleber
71%
1995- ARD Tagesschau Jens Riewa
61%
1999- ARD Tagesschau Susanne Daubner
58%
2013-20142016- ARD Tagesthemen Ingo Zamperoni
57%
2001- ZDF Heute Journal Marietta Slomka
55%
2021- ARD Tagesschau Constantin Schreiber
51%
2008- ARD Tagesschau Judith Rakers
49%
2013-2021 ARD Tagesschau Linda Zervakis
49%
2007- ARD Tagesthemen Caren Miosga
45%
1991-2006 ARD Tagesthemen Ulrich Wickert
42%
1976-1999 ARD Tagesschau Dagmar Berghoff
40%
2021- ARD Tagesschau Julia-Niharika Sen
35%
2007- ARD Tagesschau Thorsten Schröder
33%
2001-2007 ARD Tagesthemen Anne Will
32%
2014-20212021- ZDF HeuteZDF Heute Journal Christian Sievers
32%
1959-1987 ARD Tagesschau Karl-Heinz Köpcke
31%
1988-2006 ARD Tagesschau Eva Herman
29%
1998-2021 ZDF Heute Petra Gerster
26%
1973-1998 ARD Tagesschau Wilhelm Wieben
25%
1993-1998 ZDF Heute Katrin Müller
24%
1974-2004 ARD Tagesschau Jo Brauner
23%
2014-2021 ARD Tagesthemen Pinar Atalay
23%
2003-20102007-2010 ZDF HeuteZDF Heute Journal Steffen Seibert
21%
2006-2013 ARD Tagesthemen Tom Buhrow
20%
2000-2013 ARD Tagesschau Marc Bator
17%
1985-1991 ARD Tagesthemen Hanns Joachim Friedrichs
16%
2010-2012 ZDF Heute Journal Maybrit Illner
16%
2013-2016 ARD Tagesthemen Thomas Roth
16%
1966-1995 ARD Tagesschau Werner Veigel
16%
1992-2003 ZDF Heute Journal Wolf von Lojewski
16%
1985-1987 ARD Tagesthemen Ulrike Wolf
14%
1973-2003 ZDF Heute Claus Seibel
13%
1991-1999 ZDF Heute Peter Hahne
13%
1992-1998 ARD Tagesschau Susan Stahnke
13%
1987-1997 ARD Tagesthemen Sabine Christiansen
12%
1999-2002 ZDF Heute Klaus-Peter Siegloch
11%
2003-2006 ZDF Heute Journal Klaus-Peter Siegloch
11%
2007- ZDF Heute Barbara Hahlweg
9%
1990-1998 ZDF Heute Brigitte Bastgen
9%
1987-2015 ARD Tagesschau Ellen Arnold
9%
1997-2001 ARD Tagesthemen Gabi Bauer
9%
2021- ARD Tagesthemen Aline Abboud
8%
2010-2014 ZDF Heute Matthias Fornoff
8%
2021- ZDF Heute Jana Pareigis
7%
1988-1991 ZDF Heute Journal Sigmund Gottlieb
4%
1991-2000 ZDF Heute Journal Alexander Niemetz
3%
1986-1988 ZDF Heute Journal Dieter Kronzucker
3%
1993-1997 ZDF Heute Journal Eberhard Piltz
3%
2005-2007 ARD Tagesschau Laura Dünnwald
3%
1981-1992 ZDF Heute Journal Peter Voß
3%
1985-1992 ZDF Heute Journal Ruprecht Eser
3%
2014-2014 ZDF Heute Carsten Rüger
2%
2002-20062007-2007 ZDF HeuteARD Tagesschau Caroline Hamann
1%
1997-2002 ZDF Heute Journal Helmut Reitze
1%
1960-1994 ARD Tagesschau Karl Fleischer
1%
1985-1987 ARD Tagesschau Daniela Witte
0%
1985-1985 ZDF Heute Journal Gerd Helbig
0%
1991-1991 ZDF Heute Klaus Walther
0%
2021- ZDF Heute Mitri Sahin
0%
1973-1991 ZDF Heute Otto Diepholz
0%
2009-2009 ZDF Heute Ralph Szepanski
0%
1978-1987 ZDF Heute Rut Speer (ab 1985: von Wuthenau)
0%
1978-1990 ZDF Heute Ulrike von Möllendorff
0%
1984-1990 ZDF Heute Volker Jelaffke
0%
Keine übereinstimmenden Quizze gefunden
Verteilung der Resultate
Anzahl Personen mit jedem Resultat
Perzentil nach korrekt beantworteten Fragen
Ihre Resultats-Entwicklung
Sie haben dieses Quiz noch nicht gespielt